El Licey : (Registro nro. 14232)

Detalles MARC
000 -CABECERA
campo de control de longitud fija 02015nam a2200325 i 4500
001 - NÚMERO DE CONTROL
campo de control 000000341
003 - IDENTIFICADOR DEL NÚMERO DE CONTROL
campo de control DO-SdBPM
005 - FECHA Y HORA DE LA ÚLTIMA TRANSACCIÓN
campo de control 20251028114239.0
007 - CAMPO FIJO DE DESCRIPCIÓN FÍSICA--INFORMACIÓN GENERAL
campo de control de longitud fija ta
008 - DATOS DE LONGITUD FIJA--INFORMACIÓN GENERAL
campo de control de longitud fija 081112s2007 dr ac r 001 0 spa d
020 ## - NÚMERO INTERNACIONAL ESTÁNDAR DEL LIBRO
Número Internacional Estándar del Libro 9789993456148
040 ## - FUENTE DE LA CATALOGACIÓN
Centro catalogador/agencia de origen DO-SdBPM
Lengua de catalogación spa
Centro/agencia transcriptor BPMSU
Normas de descripción rda
041 ## - CÓDIGO DE LENGUA
Código de lengua del texto/banda sonora o título independiente spa
082 #4 - NÚMERO DE LA CLASIFICACIÓN DECIMAL DEWEY
Número de clasificación 796.357
Número de documento/Ítem G146L 2007
Número de edición 22
100 1# - ENTRADA PRINCIPAL--NOMBRE DE PERSONA
Nombre de persona Galán, Bismar,
Fechas asociadas al nombre 1961-
Término indicativo de función/relación autor
Código de función/relación aut.
245 13 - MENCIÓN DE TÍTULO
Título El Licey :
Resto del título un siglo de identidad y fanatismo /
Mención de responsabilidad, etc. Bismar Galán.
264 ## - PRODUCCIÓN, PUBLICACIÓN, DISTRIBUCIÓN, FABRICACIÓN Y COPYRIGHT
Producción, publicación, distribución, fabricación y copyright Santo Domingo, Republica Dominicana :
Nombre del de productor, editor, distribuidor, fabricante Editora Norma,
Fecha de producción, publicación, distribución, fabricación o copyright 2007.
300 ## - DESCRIPCIÓN FÍSICA
Extensión 172 páginas :
Otras características físicas ilustraciones, retratos ;
Dimensiones 22 cm.
336 ## - TIPO DE CONTENIDO
Término de tipo de contenido texto
Código de tipo de contenido txt
Fuente rdacontent
337 ## - TIPO DE MEDIO
Nombre/término del tipo de medio sin mediación
Código del tipo de medio n
Fuente rdamedia
338 ## - TIPO DE SOPORTE
Nombre/término del tipo de soporte volumen
Código del tipo de soporte nc
Fuente rdacarrier
504 ## - NOTA DE BIBLIOGRAFÍA, ETC.
Nota de bibliografía, etc. Incluye referencias bibliográficas y notas al pie de las páginas
505 0# - NOTA DE CONTENIDO CON FORMATO
Nota de contenido con formato A modo de introducción -- La magia de un siglo -- El Licey en el juego de las identidades -- El Licey como medio de riqueza social -- Huellas del tigre -- Del nacimiento -- Personajes: fundadores, jugadores -- Mostrando garras -- Coronas azules -- Los Citychamps: Tigres contra Leones -- En series nacionales y del Caribe --El Licey en grandes ligas -- Simbolismo liceísta -- Confines de una metáfora: "tigres azules" -- ¿Por qué tigres? -- Del lapislázuli al "Azul Licey" -- Otras creaciones y recreaciones -- La fanaticada azul -- "Ser liceísta, ¿es sufrir? -- Otros porqués del liceísmo -- Fanáticos célebres -- El liceísmo, ¿ideología o fe? -- Los "tigresitos" del Licey -- Las "tigresas". Del sufrimiento al gozo -- Fanáticos y vida comercial -- Fanáticos y vida comercial -- Pintamos el malecón de azul -- Del play al plato y un sancocho azul -- Loas al Licey.
586 ## - NOTA DE PREMIOS
Nota de premios Segundo premio concurso "Juan Bosch" - SEDEFIR 2006
590 ## - NOTA LOCAL (RLIN)
Nota local Inventariado, 2025/VM
650 #7 - PUNTO DE ACCESO ADICIONAL DE MATERIA--TÉRMINO DE MATERIA
Término de materia o nombre geográfico como elemento de entrada Béisbol
Subdivisión geográfica República Dominicana
Subdivisión general Historia
650 #7 - PUNTO DE ACCESO ADICIONAL DE MATERIA--TÉRMINO DE MATERIA
Término de materia o nombre geográfico como elemento de entrada Deportes
Subdivisión geográfica República Dominicana
Subdivisión general Historia
910 ## - DATOS DE OPCIÓN DEL USUARIO (OCLC)
Datos de opción del usuario VMateo V. Control de calidad. BPMSU
942 ## - ELEMENTOS DE PUNTO DE ACCESO ADICIONAL (KOHA)
Fuente del sistema de clasificación o colocación Dewey Decimal Classification
Tipo de ítem Koha Libros
Existencias
Estado de retiro Estado de pérdida Fuente del sistema de clasificación o colocación No para préstamo Código de colección Localización permanente Ubicación/localización actual Fecha de adquisición Fuente de adquisición Total de préstamos Signatura topográfica completa Código de barras Fecha visto por última vez Precio válido a partir de Tipo de ítem Koha Número de copia
    Dewey Decimal Classification   Colección Dominicana Biblioteca Pública Metropolitana Salomé Ureña Biblioteca Pública Metropolitana Salomé Ureña 06/14/2022 Belgica Fernández   BPMSU CD 796.357 G146L 2007 BPMSU25100113 06/14/2022 06/14/2022 Libros  
    Dewey Decimal Classification   Colección Dominicana Biblioteca Pública Metropolitana Salomé Ureña Biblioteca Pública Metropolitana Salomé Ureña 06/14/2022 Belgica Fernández   BPMSU CD 796.357 G146L 2007 BPMSU26020096 02/16/2026 06/14/2022 Libros e.2